Renaissance man-medieval or modern?
Αποθηκεύτηκε σε:
| Μορφή: | Βιβλίο |
|---|---|
| Γλώσσα: | English |
| Δημοσίευση: |
New York :
Random House,
c1967.
|
| Σειρά: | Random House historical pamphlet edition ;
6 |
| Θέματα: | |
| Ετικέτες: |
Προσθήκη ετικέτας
Δεν υπάρχουν, Καταχωρήστε ετικέτα πρώτοι!
|
MARC
| LEADER | 00000nam a2200000 a 4500 | ||
|---|---|---|---|
| 001 | 1/127157 | ||
| 008 | 230811s1967####nyu| ||| |||| ||eng|| | ||
| 020 | |a 0394320549 | ||
| 040 | |a GR-MyUa |b gre |c GR-MyUa |e AACR2 | ||
| 041 | 0 | |a eng | |
| 082 | 7 | |a 945.05 |2 (23) | |
| 245 | 0 | 0 | |a Renaissance man-medieval or modern? |
| 260 | |a New York : |b Random House, |c c1967. | ||
| 300 | |a 50 σ. ; |c 25 εκ. | ||
| 490 | 1 | |a (Random House historical pamphlet edition ; |v 6) | |
| 504 | |a Περιλαμβάνει βιβλιογραφικές παραπομπές. | ||
| 650 | 0 | |a Renaissance |z Italy. | |
| 650 | 0 | |a Civilization, Medieval. | |
| 651 | 0 | |a Italy |x Civilization. | |
| 830 | 0 | |a Random House historical pamphlet edition ; |v 6 | |
| 852 | |a INST |b LESVOS |e 20230811 |h 945.05 RAI |p 005100065085 |q 005100065085 |t BK |y 0 | ||
| 970 | |a Καμάτσου |b Δέσποινα |z 11-08-2023 | ||